| 000 | 01377nam a22002537a 4500 | ||
|---|---|---|---|
| 999 |
_c60928 _d60928 |
||
| 003 | Ge_BSU | ||
| 005 | 20231121113444.0 | ||
| 008 | 231121s2022 ge ||||| |||| 00| 0 geo d | ||
| 020 | _a9789941844249 | ||
| 041 | _ageo | ||
| 080 | _a616.314-089 ნ-37 | ||
| 100 |
_aნაცვლიშვილი, თეა _910193 |
||
| 245 |
_aპაროდონტის დაავადებების არაქირურგიული და ქირურგიული მკურნალობა : _bმეორე ტომი / _cთეა ნაცვლიშვილი, ქეთევან გოგილაშვილი. |
||
| 264 |
_a[ქ.გ.]: _b[გ.გ.], _c2022. |
||
| 300 |
_a550 გვ.: _bილ.; _c25 სმ. |
||
| 501 | _aბიბლიოგრ. ყველა თავების ბოლოს | ||
| 653 | _a სტომატოლოგია | ||
| 653 | _a პაროდონტის კლინიკური ანატომია | ||
| 653 | _aპაროდონტის ანთებითი დაავადებების მკურნალობა | ||
| 653 | _aიმპლანტი | ||
| 653 | _aკბილების შინირება | ||
| 700 |
_a გოგილაშვილი, ქეთევან _eავტორი _920439 |
||
| 942 |
_2udc _cᲬᲘᲒᲜᲘ |
||